000 00356nam a22001457a 4500
003 OSt
005 20160727222524.0
008 160709b xxu||||| |||| 00| 0 eng d
040 _cTEST
100 _92519
_a Bunyan, J
245 _aThe Pilgrims Progress
260 _aBritian
_b Purnell & Sons
_c246
300 _aThe Pilgrims Progress
942 _2ddc
_cBK
999 _c2186
_d2186